000 01531cam a2200373 a 4500
001 14170853
003 OSt
005 20230619135048.0
008 051117s2005 sa b 000 0 eng d
010 _a 2005326891
020 _a191991384X
035 _a(OCoLC)ocm61685679
040 _aOI@
_cOI@
_dDLC
042 _alccopycat
_alcode
043 _afb-----
050 0 0 _aHD1333.A357
_bF76 2005
082 _a302.
_bHUG
245 0 0 _aFrom the ground up :
_bland rights, conflict and peace in sub-Saharan Africa /
_cedited by Chris Huggins and Jenny Clover.
260 _aPretoria, South Africa :
_bInstitute for Security Studies,
_cc2005.
300 _avii, 392 p. ;
_c22 cm.
500 _a"A joint project of the African Centre for Technology Studies and the African Security Analysis Programme of the Institute for Security Studies."
504 _aIncludes bibliographical references.
650 0 _aLand tenure
_zAfrica, Sub-Saharan
_vCase studies.
650 0 _aLand reform
_zAfrica, Sub-Saharan
_vCase studies.
650 0 _aLand use, Rural
_zAfrica, Sub-Saharan.
700 1 _aHuggins, Christopher.
700 1 _aClover, Jenny.
710 2 _aAfrican Centre for Technology Studies.
710 2 _aInstitute for Security Studies (South Africa).
_bAfrican Security Analysis Programme.
856 4 1 _3Table of contents
_uhttp://www.loc.gov/catdir/toc/fy0607/2005326891.html
906 _a7
_bcbc
_ccopycat
_d3
_encip
_f20
_gy-gencatlg
942 _2ddc
_cBK
999 _c1314
_d1314